Hong Kong industrial marketview Q1 2012 (Record no. 84078)

MARC details
000 -LEADER
fixed length control field 01243cad a22002175a 4500
001 - CONTROL NUMBER
control field L156560
008 - FIXED-LENGTH DATA ELEMENTS--GENERAL INFORMATION
fixed length control field 120608s2012 xxk 000 0 eng d
035 ## - SYSTEM CONTROL NUMBER
System control number (Sirsi) u156560
041 0# - LANGUAGE CODE
Language code of text/sound track or separate title eng
110 2# - MAIN ENTRY--CORPORATE NAME
Corporate name or jurisdiction name as entry element CBRE
245 00 - TITLE STATEMENT
Title Hong Kong industrial marketview Q1 2012
Medium [electronic resource]
260 ## - PUBLICATION, DISTRIBUTION, ETC.
Place of publication, distribution, etc. Hong Kong
Name of publisher, distributor, etc. CBRE
Date of publication, distribution, etc. 2012
490 #0 - SERIES STATEMENT
Series statement CBRE Hong Kong Industrial Marketview
Volume/sequential designation Q1 2012 1 June 2012
520 ## - SUMMARY, ETC.
Summary, etc. Total exports values and the volume of container and air cargo throughputs experienced year-on-year growth in February. Sentiment and demand for logistics and warehouse space remained positive. More industrial revitalisation drove relocation demand. Interlink, Goodman's new logistics development in Tsing Yi, offers 2.4m sq ft of prime warehouse space. Rents for the Hong Kong industrial market remain on an upward trend.
520 ## - SUMMARY, ETC.
Summary, etc. Quick stats -- hot topics -- overview -- selected leasing and sales transactions in Q1 2012 -- major Hong Kong industrial areas -- industrial property definitions.
590 ## - LOCAL NOTE (RLIN)
Local note NTK KA
651 #4 - SUBJECT ADDED ENTRY--GEOGRAPHIC NAME
Geographic name Hong Kong
690 ## - LOCAL SUBJECT ADDED ENTRY--TOPICAL TERM (OCLC, RLIN)
Topical term or geographic name as entry element Commercial property
9 (RLIN) 6227
856 40 - ELECTRONIC LOCATION AND ACCESS
Uniform Resource Identifier <a href="https://www.cbre.eu/portal/pls/portal/res_rep.show_report?report_id=1854">https://www.cbre.eu/portal/pls/portal/res_rep.show_report?report_id=1854</a>
Public note View the report at www.cbre.eu
942 ## - ADDED ENTRY ELEMENTS (KOHA)
Suppress in OPAC 0
Holdings
Withdrawn status Lost status Source of classification or shelving scheme Damaged status Not for loan Home library Current library Shelving location Date acquired Total Checkouts Full call number Barcode Date last seen Copy number Price effective from Koha item type
    Dewey Decimal Classification     Virtual Virtual Online 08/06/2012   ONLINE PUBLICATION 156560-2001 06/08/2019 1 06/08/2019 Book